[Event "Challenge"]
[Site "http://www.queenalice.com/game.php?id=203557"]
[Date "2007.4.28"]
[Round "-"]
[White "fernandosoares"]
[Black "van_arroto"]
[Result "0-1"]
[WhiteElo "1264"]
[BlackElo "1472"]

1. e4 e5 2. Bc4 f6 3. Nf3 d6 4. Qe2 Nh6 5. b3 c6 6. a4 d5 7. exd5 cxd5 8. d3
dxc4 9. dxc4 Bc5 10. c3 Ng4 11. b4 Bxf2+ 12. Kf1 h5 13. h3 Be3 14. Bxe3 Nxe3+
15. Qxe3 Nc6 16. b5 Ne7 17. a5 Nf5 18. Qe4 Ng3+ 19. Kg1 Nxe4 20. Nfd2 Nxd2 21.
Nxd2 Qxd2 22. Kh2 Bf5 23. Rad1 Qxc3 24. g4 Be4 25. b6 Qxc4 26. gxh5 Bxh1 27.
Kxh1 Rd8 28. Rxd8+ Kxd8 29. bxa7 Kc7 30. h6 Qe2 31. hxg7 Rg8 32. a6 Rxg7 33.
a8=Q Qg2# 0-1

[Event "Challenge"]
[Site "http://www.queenalice.com/game.php?id=206895"]
[Date "2007.5.6"]
[Round "-"]
[White "van_arroto"]
[Black "PROFALEXANDRE"]
[Result "0-1"]
[WhiteElo "1474"]
[BlackElo "1498"]

1. e4 d5 2. exd5 Qxd5 3. Nc3 Qe5+ 4. Qe2 Qg5 5. d4 Qg6 6. Qd3 Qe6+ 7. Qe2 Nc6 8.
d5 Qd6 9. dxc6 Qxc6 10. Qe4 Nf6 11. Qxc6+ bxc6 12. Bg5 h6 13. Bxf6 gxf6 14. Be2
a5 15. Bf3 Bb7 16. Nb5 Rc8 17. Nc3 e5 18. Nb5 Rb8 19. Nc3 f5 20. g4 e4 21. Be2
fxg4 22. Bxg4 Bc5 23. Nxe4 Bb4+ 24. c3 Bd6 25. Nxd6+ cxd6 26. a4 c5 27. Bf3 Bxf3
28. Nxf3 Rxb2 29. Rg1 Kd8 30. Nd2 Re8+ 31. Kd1 d5 32. Rg7 d4 33. Rxf7 dxc3 34.
Nc4 Rc2 35. Nxa5 Rd2+ 36. Kc1 Re1# 0-1

[Event "Challenge"]
[Site "http://www.queenalice.com/game.php?id=206896"]
[Date "2007.5.6"]
[Round "-"]
[White "van_arroto"]
[Black "PROFALEXANDRE"]
[Result "0-1"]
[WhiteElo "1474"]
[BlackElo "1515"]

1. e4 e5 2. Nf3 Nc6 3. d3 Nf6 4. d4 Nxe4 5. dxe5 Bb4+ 6. Bd2 O-O 7. Bxb4 Nxb4 8.
c3 Nc6 9. Qd5 Nxf2 10. Kxf2 d6 11. exd6 cxd6 12. Ng5 Qb6+ 13. Kg3 Ne7 14. Qd4
Nf5+ 15. Kf3 Nxd4+ 16. cxd4 Qc6+ 17. Kg3 Qd7 18. Bc4 Qg4+ 19. Kf2 Qxd4+ 20. Kg3
Qxc4 21. b3 Qg4+ 22. Kf2 Qxg5 23. h4 Qf5+ 24. Kg1 Qc5+ 25. Kh2 Qe5+ 26. Kg1 Qxa1
27. Kh2 Re8 28. a4 Re2 29. Nd2 Qa2 0-1

[Event "Challenge"]
[Site "http://www.queenalice.com/game.php?id=217353"]
[Date "2007.5.28"]
[Round "-"]
[White "van_arroto"]
[Black "silviapim"]
[Result "1-0"]
[WhiteElo "1475"]
[BlackElo "741"]

1. e4 c6 2. Nc3 Na6 3. Qg4 Nh6 4. Qg3 e6 5. Bxa6 bxa6 6. d4 Bb4 7. Qxg7 Rf8 8.
Qxh6 Be7 9. Qxh7 Bb4 10. a3 Bd6 11. Nh3 a5 12. Bf4 Rb8 13. Bxd6 Rb7 14. Bxf8 Rb6
15. Qh8 d6 16. Nf4 Qd7 17. e5 a6 18. exd6 Qb7 19. O-O a4 20. Nxa4 Rb5 21. Rfe1
Ra5 22. b3 Qb5 23. Re5 c5 24. Rxc5 Qd7 25. Be7# 1-0

[Event "AUTO-INT-474"]
[Site "http://www.queenalice.com/game.php?id=217384"]
[Date "2007.5.28"]
[Round "1"]
[White "IkeBroflovski"]
[Black "van_arroto"]
[Result "1-0"]
[WhiteElo "1571"]
[BlackElo "1508"]

1. Nf3 d5 2. d4 Bg4 3. e3 Bxf3 4. Qxf3 e6 5. c4 Be7 6. Nc3 Bb4 7. Bd2 Bxc3 8.
Bxc3 c6 9. Bd3 dxc4 10. Bxc4 Nf6 11. O-O Nd5 12. Bd2 b5 13. Be2 Nd7 14. e4 N5f6
15. Rac1 Qc8 16. Bxb5 Qb8 17. Bxc6 Qxb2 18. Bxa8 Qxd2 19. Qc3 Qxc3 20. Rxc3 Ke7
21. e5 Nd5 22. Bxd5 exd5 23. Rc7 Ra8 24. Rb1 Ke6 25. Rbb7 Nb8 26. Rxa7 Rxa7 27.
Rxa7 Nc6 28. Ra6 Kd7 29. Rxc6 Kxc6 30. f4 Kb5 31. f5 Kc4 32. e6 fxe6 33. fxe6
Kxd4 34. e7 Kc3 35. e8=Q d4 36. Qc6+ Kd3 37. a4 Ke3 38. a5 d3 39. a6 d2 40. Qd7
Ke2 41. a7 g5 42. Qe6+ Kd3 43. Qd5+ Ke2 44. Qe4+ Kd1 45. a8=Q g4 46. Qa1# 1-0

[Event "AUTO-INT-474"]
[Site "http://www.queenalice.com/game.php?id=217385"]
[Date "2007.5.28"]
[Round "1"]
[White "van_arroto"]
[Black "IkeBroflovski"]
[Result "0-1"]
[WhiteElo "1495"]
[BlackElo "1584"]

1. e4 e6 2. Nc3 d5 3. exd5 exd5 4. d4 Bb4 5. a3 Bxc3+ 6. bxc3 Nf6 7. c4 O-O 8.
cxd5 Qxd5 9. Qf3 Qxd4 10. Rb1 Bg4 11. Qd3 Re8+ 12. Be2 Qxd3 13. cxd3 b6 14. h3
Bxe2 15. Nxe2 Nc6 16. Rb2 Rad8 17. Kd2 Ne4+ 18. Ke1 Nc3 19. Be3 Rxd3 20. Nxc3
Rxc3 21. Ra2 Na5 22. Kd2 Rxa3 23. Rc2 c5 24. Re1 Nb3+ 25. Kd1 Ra1+ 26. Ke2 Nd4+
27. Kf1 Rxe1+ 28. Kxe1 Nxc2+ 29. Kd2 Nxe3 30. fxe3 f5 31. Kd3 Re4 32. g3 b5 33.
g4 g6 34. g5 a5 35. Kd2 b4 36. Kd3 c4+ 37. Kd2 a4 38. Ke2 c3 39. Kd1 b3 40. Kc1
a3 41. Kd1 Rxe3 42. h4 Kf7 43. h5 gxh5 44. Kc1 Kg6 45. Kd1 Kxg5 46. Kc1 Re1# 0-1

[Event "AUTO-INT-474"]
[Site "http://www.queenalice.com/game.php?id=217400"]
[Date "2007.5.28"]
[Round "1"]
[White "van_arroto"]
[Black "kloosterveen"]
[Result "0-1"]
[WhiteElo "1474"]
[BlackElo "1829"]

1. e4 e5 2. Nc3 Nf6 3. d3 g6 4. Nf3 Nc6 5. d4 exd4 6. Nxd4 Nxd4 7. Qxd4 d6 8.
Nd5 Bg7 9. Bg5 c5 10. Qd2 h6 11. Bxf6 Bxf6 12. Nxf6+ Qxf6 13. Rb1 Qe5 14. f3 Be6
15. a3 O-O-O 16. Qc3 Qxc3+ 17. bxc3 d5 18. exd5 Rxd5 19. Bc4 Re5+ 20. Kd2 Bxc4
21. Rhe1 Rxe1 22. Rxe1 Rd8+ 23. Kc1 Be6 24. Rd1 Rxd1+ 25. Kxd1 Kc7 26. g4 Kd6
27. Kd2 Ke5 28. Ke3 f5 29. gxf5 Bxf5 30. f4+ Kd5 31. h4 Bxc2 32. Kd2 Ba4 33. Kd3
c4+ 34. Ke3 a5 35. Kf3 b5 36. Kg4 Ke4 37. Kg3 b4 38. axb4 axb4 39. Kf2 bxc3 40.
Ke2 Kxf4 0-1

[Event "AUTO-INT-474"]
[Site "http://www.queenalice.com/game.php?id=217401"]
[Date "2007.5.28"]
[Round "1"]
[White "kloosterveen"]
[Black "van_arroto"]
[Result "1-0"]
[WhiteElo "1775"]
[BlackElo "1478"]

1. d4 d5 2. e3 Nf6 3. Nf3 Bg4 4. Be2 Bxf3 5. Bxf3 e6 6. O-O c5 7. c3 cxd4 8.
cxd4 Qc7 9. Qa4+ Qd7 10. Qxd7+ Nbxd7 11. a3 Ne4 12. b4 a5 13. Bb2 axb4 14. Bxe4
dxe4 15. axb4 Bxb4 16. Rxa8+ Ke7 17. Rxh8 Nf8 18. Rc1 Kf6 19. d5+ Kg6 20. dxe6
fxe6 21. Rc7 Kf5 22. Bxg7 Ng6 23. Rxh7 Bd6 24. Rf7+ Kg5 25. Bf6+ Kf5 26. Be7+
Ke5 27. Bxd6+ Kxd6 28. Rxb7 Ne5 29. Rb6+ Nc6 30. Rh5 Kc7 31. Rbb5 Na7 32. Rbe5
Nc6 33. Rxe6 Kd7 34. Rxe4 Kd6 35. Nc3 Ne7 36. Nb5+ Kd7 37. Rh7 1-0

[Event "AUTO-OPEN-678"]
[Site "http://www.queenalice.com/game.php?id=217439"]
[Date "2007.5.28"]
[Round "1"]
[White "dante72"]
[Black "van_arroto"]
[Result "1-0"]
[WhiteElo "1744"]
[BlackElo "1480"]

1. d4 d5 2. e3 Nf6 3. Nc3 Bg4 4. f3 Bh5 5. h4 Nc6 6. Bb5 Ne4 7. Bxc6+ bxc6 8.
Nxe4 dxe4 9. g4 Bxg4 10. fxg4 e6 11. Bd2 c5 12. Bc3 cxd4 13. Bxd4 c5 14. Be5 f6
15. Bc3 c4 16. Qxd8+ Rxd8 17. Rd1 f5 18. Rxd8+ Kxd8 19. g5 Rg8 20. Ne2 Be7 21.
Nd4 Kd7 22. Kf2 h6 23. g6 Kd6 24. a3 Ke5 25. Nc6+ Kd6 26. Nxa7 Bf6 27. Bxf6 gxf6
28. h5 Kc5 29. Rd1 Kb6 30. Rd7 e5 31. a4 Ra8 32. Rd6+ Kxa7 33. Rxf6 Kb7 34. b3
c3 35. Rxf5 Re8 36. Rf6 Kc7 37. g7 Rg8 38. Rf7+ Kd6 39. Kg3 Ke6 40. Rb7 Kf6 41.
Kg4 Rxg7+ 42. Rxg7 Kxg7 43. Kf5 Kf7 44. Kxe5 Kg7 45. Kxe4 Kf6 46. Kd4 Kg5 47. a5
Kxh5 48. a6 Kg4 49. a7 h5 50. a8=Q h4 51. Qh1 h3 52. Kxc3 Kg3 53. e4 Kf4 54.
Qxh3 Kxe4 55. Qd3+ Ke5 56. Kc4 1-0

[Event "AUTO-OPEN-678"]
[Site "http://www.queenalice.com/game.php?id=217440"]
[Date "2007.5.28"]
[Round "1"]
[White "van_arroto"]
[Black "dante72"]
[Result "0-1"]
[WhiteElo "1483"]
[BlackElo "1725"]

1. e4 e5 2. Nc3 Nf6 3. Nf3 d6 4. Nd5 Nxd5 5. exd5 Bg4 6. h3 Bh5 7. g4 Bg6 8. d4
e4 9. Nd2 Be7 10. Bg2 O-O 11. Nxe4 Re8 12. O-O Bh4 13. Re1 f5 14. gxf5 Bxf5 15.
Qh5 Bg6 16. Qg4 Nd7 17. Bg5 Bxg5 18. Nxg5 Nf6 19. Qf3 Rf8 20. Ne6 Qd7 21. Nxf8
Rxf8 22. Re2 Qb5 23. Qb3 Qxe2 24. Qxb7 Be4 25. Bxe4 Nxe4 26. Qxc7 Qxf2+ 27. Kh1
Ng3# 0-1

[Event "AUTO-OPEN-678"]
[Site "http://www.queenalice.com/game.php?id=217463"]
[Date "2007.5.28"]
[Round "1"]
[White "lukas2007"]
[Black "van_arroto"]
[Result "1-0"]
[WhiteElo "1462"]
[BlackElo "1459"]

1. d4 d5 2. f4 e6 3. h4 c5 4. a4 Qa5+ 5. Bd2 Qb6 6. b3 cxd4 7. g4 Nf6 8. Bh3
Nbd7 9. a5 Qc6 10. Nf3 Bc5 11. b4 Bd6 12. Nxd4 Qc7 13. g5 Ne4 14. Nb5 Qc6 15.
Nxd6+ Qxd6 16. Bg2 Nxd2 17. Qxd2 f6 18. c3 fxg5 19. hxg5 Rf8 20. e3 b6 21. Rxh7
Rg8 22. Qd4 Qf8 23. e4 dxe4 24. Qxe4 Rb8 25. Qxe6+ Kd8 26. f5 Nf6 27. Qe5 Qe7
28. Qxe7+ Kxe7 29. gxf6+ Kxf6 30. Be4 Bxf5 31. Bxf5 Kxf5 32. Nd2 Kg6 33. Rh3
Rbe8+ 34. Kd1 Rh8 35. Rxh8 Rxh8 36. Kc2 b5 37. a6 Kf5 38. c4 Rc8 39. Kb3 g5 40.
cxb5 g4 41. b6 axb6 42. a7 Ra8 43. Nc4 g3 44. Nxb6 Rxa7 45. Rxa7 g2 46. Ra1 Kf4
47. b5 Kf3 48. Nd5 Kf2 49. b6 g1=Q 50. Rxg1 Kxg1 51. b7 Kf2 52. b8=Q Ke2 53.
Qe8+ Kd3 54. Qe5 Kd2 55. Qe3+ 1-0

[Event "AUTO-OPEN-678"]
[Site "http://www.queenalice.com/game.php?id=217464"]
[Date "2007.5.28"]
[Round "1"]
[White "van_arroto"]
[Black "lukas2007"]
[Result "1-0"]
[WhiteElo "1460"]
[BlackElo "1514"]

1. e4 d5 2. Nc3 dxe4 3. Nxe4 Qd4 4. Qe2 Qe5 5. Nf3 Qe6 6. Nfg5 Qe5 7. Nf3 Qh5 8.
d4 Qa5+ 9. Bd2 Qb6 10. Bc3 Bg4 11. h3 Bxf3 12. Qxf3 Nf6 13. Nxf6+ gxf6 14. Bc4
Qc6 15. Bd5 Qd6 16. Bxb7 Qe6+ 17. Kd2 Bh6+ 18. Kd1 c5 19. Bxa8 cxd4 20. Bxd4 Qd6
21. c3 e5 22. Qe2 O-O 23. Ke1 exd4 24. cxd4 Qe6 25. Qxe6 fxe6 26. Rd1 Nd7 27.
Bc6 Nb6 28. b3 Nd5 29. Bxd5 exd5 30. a4 a5 31. Rd3 Re8+ 32. Kf1 Bf8 33. Re3 Rxe3
34. fxe3 Bb4 35. Ke2 h5 36. Rc1 Kf7 37. Kf3 Kg6 38. Kf4 Bd2 39. Rc5 h4 40. Rxd5
Bc3 41. g4 hxg3 42. Kxg3 f5 43. Kf4 Bd2 44. Rxf5 Kh6 45. d5 Bb4 46. e4 1-0

[Event "AUTO-OPEN-678"]
[Site "http://www.queenalice.com/game.php?id=217479"]
[Date "2007.5.28"]
[Round "1"]
[White "van_arroto"]
[Black "yalokin"]
[Result "0-1"]
[WhiteElo "1478"]
[BlackElo "1784"]

1. e4 e5 2. Nc3 Nf6 3. d3 Bb4 4. Nf3 Nc6 5. a3 Bxc3+ 6. bxc3 d6 7. Bg5 h6 8.
Bxf6 Qxf6 9. d4 Bg4 10. h3 Bd7 11. dxe5 Nxe5 12. Nxe5 Qxe5 13. Qd3 O-O 14. Qd5
Qxc3+ 15. Qd2 Qxa1+ 16. Qd1 Qxa3 17. Qb1 Qc3+ 18. Kd1 Qd4+ 19. Kc1 b6 20. f3
Rfe8 21. Qb2 Qxb2+ 22. Kxb2 Re5 23. Bd3 a5 24. f4 Ree8 25. e5 dxe5 26. Be4 Ra7
27. Rd1 exf4 28. Bf3 c5 29. Rd6 Re6 30. Rxe6 Bxe6 31. Ka3 Rd7 0-1

[Event "AUTO-OPEN-678"]
[Site "http://www.queenalice.com/game.php?id=217480"]
[Date "2007.5.28"]
[Round "1"]
[White "yalokin"]
[Black "van_arroto"]
[Result "1-0"]
[WhiteElo "1797"]
[BlackElo "1461"]

1. d4 d5 2. c4 e6 3. Nf3 dxc4 4. e3 Nc6 5. Bxc4 Nf6 6. Nc3 Bb4 7. Bd2 Bxc3 8.
Bxc3 Ne4 9. d5 Nxc3 10. bxc3 Na5 11. Qa4+ Qd7 12. Qxa5 b6 13. Qb4 Qd6 14. Bb5+
Bd7 15. Qxd6 cxd6 16. Bxd7+ Kxd7 17. c4 Rac8 18. Nd2 exd5 19. cxd5 Rc2 20. Nf3
Rc5 21. e4 Re8 22. Nd2 f5 23. f3 fxe4 24. Nxe4 Rxd5 25. O-O Rc8 26. Rf2 Re5 27.
Rd1 d5 28. Rfd2 Ke6 29. Nf2 h5 30. h4 Rd8 31. f4 Rf5 32. g3 b5 33. a4 b4 34. Rb1
a5 35. Rc2 d4 36. Rc6+ Kf7 37. Nd3 Rdd5 38. Kf2 Kg8 39. Kf3 Rd8 40. Ke4 Rfd5 41.
Rbc1 Kh7 42. R6c5 b3 43. Rxd5 1-0

[Event "Challenge"]
[Site "http://www.queenalice.com/game.php?id=218763"]
[Date "2007.5.31"]
[Round "-"]
[White "van_arroto"]
[Black "DSRelva"]
[Result "0-1"]
[WhiteElo "1477"]
[BlackElo "1814"]

1. e4 e5 2. Nf3 Nc6 3. d4 exd4 4. Nxd4 Nxd4 5. Qxd4 Nf6 6. Bg5 Be7 7. Nc3 O-O 8.
Bxf6 Bxf6 9. Qe3 Re8 10. Bc4 Bxc3+ 11. bxc3 c6 12. Qf3 d5 13. Bb3 Be6 14. Rd1
Qd7 15. c4 d4 16. c3 Bg4 17. Qd3 Bxd1 18. Qxd1 Rxe4+ 19. Kf1 Rae8 20. f3 Re1+
21. Qxe1 Rxe1+ 22. Kxe1 Qe7+ 23. Kd2 Qg5+ 24. Ke1 Qxg2 25. Rf1 Qxh2 26. Rf2 Qg1+
27. Rf1 Qe3+ 28. Kd1 dxc3 29. Bc2 Qd2# 0-1

[Event "QA-ANNIV-03"]
[Site "http://www.queenalice.com/game.php?id=225691"]
[Date "2007.6.15"]
[Round "1"]
[White "van_arroto"]
[Black "Nakgada"]
[Result "1-0"]
[WhiteElo "1446"]
[BlackElo "1803"]

1. e4 e6 2. Nc3 Bb4 3. a3 Bxc3 4. dxc3 Nf6 5. f3 b6 6. Bg5 h6 7. Bxf6 Qxf6 8.
Qd4 e5 9. Qd2 O-O 10. O-O-O d6 11. Bc4 Be6 12. Bxe6 Qxe6 13. Qd5 Qxd5 14. Rxd5
Nd7 15. c4 Nf6 16. Rd3 a5 17. Ne2 Nd7 18. f4 Nc5 19. Re3 f6 20. f5 a4 21. Nc3
Kh7 22. h4 h5 23. g4 Kh6 24. Rg3 Rg8 25. g5+ Kh7 26. Rhg1 g6 27. fxg6+ Rxg6 28.
gxf6 Rxg3 29. Rxg3 Rg8 30. Rf3 Kg6 31. Nd5 Nxe4 32. Ne7+ Kf7 33. Nxg8 Kxg8 34.
Rf5 Kf7 35. Rxh5 Nxf6 36. Rh8 e4 37. Kd2 Kg7 38. Rc8 c5 39. Rc6 Ne8 40. Rxb6 Kg6
41. Ke3 Kh5 42. Rb8 Nf6 43. Rh8+ Kg6 44. Kf4 Kg7 45. Rd8 Kf7 46. Rxd6 Ke7 47.
Ra6 Nd7 48. Kxe4 Nf8 49. Rxa4 Kd7 50. Kd5 Ng6 51. Kxc5 Nxh4 52. Rb4 Nf5 53. a4
Ne3 54. c3 Nd1 55. Kd4 1-0

[Event "Challenge"]
[Site "http://www.queenalice.com/game.php?id=235015"]
[Date "2007.7.5"]
[Round "-"]
[White "van_arroto"]
[Black "nandocassapava"]
[Result "0-1"]
[WhiteElo "1476"]
[BlackElo "1515"]

1. e4 e5 2. Nc3 d6 3. d4 f6 4. dxe5 fxe5 5. Nf3 Be7 6. Be3 Nf6 7. Bc4 c6 8. h3
d5 9. exd5 cxd5 10. Bb5+ Nbd7 11. Bxd7+ Bxd7 12. Nxe5 Bc8 13. Qf3 O-O 14. O-O-O
Ne4 15. Qe2 Nxc3 16. bxc3 Ba3+ 17. Kd2 Qa5 18. f4 Rd8 19. Bd4 Re8 20. Qh5 Rf8
21. Qg5 Bf5 22. Nc6 Qc7 23. Nb4 Bxb4 24. Be5 Bxc3+ 25. Bxc3 d4 26. Bxd4 Rad8 27.
c3 Rxd4+ 28. cxd4 Qc2+ 29. Ke3 Re8+ 30. Kf3 Be4+ 31. Kg3 Qxg2+ 32. Kh4 Qf2+ 33.
Qg3 Qxa2 34. Rhg1 g6 35. Ra1 Qf7 36. Qg5 h6 37. Qxh6 Qf6+ 38. Qg5 Qxd4 39. Rge1
Qh8+ 40. Kg3 Qc3+ 41. Kh4 Kg7 42. Qb5 Rh8+ 0-1

[Event "Challenge"]
[Site "http://www.queenalice.com/game.php?id=236986"]
[Date "2007.7.9"]
[Round "-"]
[White "lucianoso"]
[Black "van_arroto"]
[Result "1-0"]
[WhiteElo "1558"]
[BlackElo "1458"]

1. e4 e5 2. Nf3 Nc6 3. Bc4 d6 4. d3 Bg4 5. h3 Bxf3 6. Qxf3 Qf6 7. Qxf6 Nxf6 8.
Nc3 Nb4 9. Bb3 a5 10. a3 Nc6 11. Nb5 Rc8 12. O-O g6 13. Bg5 Bg7 14. a4 O-O 15.
Bxf6 Bxf6 16. Bd5 Nd8 17. Rae1 c6 18. Nxd6 Rc7 19. Bb3 Rd7 20. Nc4 Bg5 21. Nxe5
Re7 22. Nc4 Bf6 23. e5 Bg7 24. d4 Rfe8 25. Nxa5 b6 26. Nc4 b5 27. axb5 f6 28.
Nd6+ Kf8 29. Nxe8 1-0

[Event "Challenge"]
[Site "http://www.queenalice.com/game.php?id=244964"]
[Date "2007.7.24"]
[Round "-"]
[White "rafaelbdb"]
[Black "van_arroto"]
[Result "0-1"]
[WhiteElo "1444"]
[BlackElo "1483"]

1. e4 e5 2. Nf3 Nc6 3. Nc3 d6 4. Bb5 Bd7 5. O-O a6 6. Bc4 b5 7. Bd5 Nf6 8. d3
Nxd5 9. Nxd5 h6 10. c3 Be6 11. Be3 g5 12. h3 Bxd5 13. exd5 Ne7 14. Re1 Nxd5 15.
c4 Nxe3 16. Rxe3 Bg7 17. cxb5 axb5 18. d4 f6 19. dxe5 fxe5 0-1

[Event "QA-ANNIV-03"]
[Site "http://www.queenalice.com/game.php?id=246788"]
[Date "2007.7.27"]
[Round "2"]
[White "CHESSGENIUS"]
[Black "van_arroto"]
[Result "0-1"]
[WhiteElo "2124"]
[BlackElo "1497"]

1. e4 e5 2. Nf3 Nc6 3. Bc4 Bc5 4. c3 Nf6 5. d4 exd4 6. cxd4 Bb4+ 7. Bd2 Nxe4 8.
Bxb4 Nxb4 9. Bxf7+ Kxf7 10. Qb3+ d5 11. Ne5+ Ke8 12. Qxb4 Qf6 13. O-O c6 14. Qa3
Rf8 15. f3 a5 16. Nc3 Nd2 17. Rfe1 Be6 18. Rad1 Nc4 19. Nxc4 dxc4 20. Qd6 Kf7
21. Ne4 Qd8 22. Ng5+ Kg6 23. Qxd8 Rfxd8 24. Nxe6 Rd6 25. Nf4+ Kf7 26. Kf2 Rad8
27. Ne2 c5 28. Rc1 cxd4 0-1

[Event "Desafio Brasileiro"]
[Site "http://www.queenalice.com/game.php?id=250195"]
[Date "2007.8.3"]
[Round "-"]
[White "van_arroto"]
[Black "marcosbratz"]
[Result "1-0"]
[WhiteElo "1462"]
[BlackElo "1597"]

1. e4 e5 2. Nf3 Nc6 3. Bb5 a6 4. Ba4 Nf6 5. Bxc6 dxc6 6. Nxe5 Qd4 7. Nf3 Qxe4+
8. Qe2 Qxe2+ 9. Kxe2 Bg4 10. d4 O-O-O 11. Be3 Re8 12. Nd2 Nd5 13. h3 Bxf3+ 14.
Kxf3 Bd6 15. Rhe1 Nxe3 16. Rxe3 Rxe3+ 17. fxe3 f5 18. Nc4 Re8 19. Re1 b5 20. Na5
Bb4 21. c3 Bxa5 22. b4 Bb6 23. Kf4 g6 24. h4 Re4+ 25. Kg5 Rg4+ 26. Kf6 Rxg2 27.
e4 Rf2 28. e5 Kd8 29. Kf7 c5 30. dxc5 Ba7 31. e6 Rc2 32. e7+ Kc8 33. e8=Q+ Kb7
34. c6+ Kb6 35. Qa8 1-0